000 00625nam a2200193Ia 4500
005 20260429112234.0
008 260429s9999||||xx |||||||||||||| ||und||
020 _a9788177144871
041 _aHindi
082 _a891.4308
_bGUP
100 _aगुप्ता, रमाकांत
245 0 _aभाषा नीति और लोकहित /
_cरमाकांत गुप्ता
250 _a1st ed.
260 _aनई दिल्ली :
_bप्रकाशन संस्थान,
_c2015.
300 _a160 p.; Hb
650 _aBhasha
700 _a राय, हरियश
942 _cTB
999 _c53062
_d53062